000 00649nam a2200217Ia 4500
005 20241129110940.0
008 241129s9999||||xx |||||||||||||| ||und||
020 _a978-93-86391-70-4
037 _aTB
040 _aCRL
_beng
_cCRL
041 _aeng
_2eng
084 _aS:86 R2
_qCRL
100 _aSelvam S.K.Panneer Au.; Thomas K.Babu Au.
_9722909
245 0 _aMental health and problem solving
_cSelvam S.K.Panneer Au.; Thomas K.Babu Au.
260 _aNew Delhi, India
_bRandom Publications LLP
_c2022
300 _aviii,297p.
365 _aINR
_b2395
650 _aPsychology
942 _cTB
_hS:86 R2
999 _c1228233
_d1228233